| 000 | 00371nam a2200157Ia 4500 | ||
|---|---|---|---|
| 008 | 230917s9999||||xx |||||||||||||| ||und|| | ||
| 040 |
_e126864 _aMAIN |
||
| 041 | _aEnglish | ||
| 082 | _a346.0433 D26L | ||
| 100 | _aDas, M.N. | ||
| 245 | 0 | _aLaw relating to partition | |
| 250 | _a6tg ed. | ||
| 260 |
_aKolkata _bEastern law _c2004 |
||
| 300 | _a819p p. | ||
| 942 | _cBK | ||
| 999 |
_c129111 _d129111 |
||